000
00298nam a22001337a 4500
008
171017b xxu||||| |||| 00| 0 eng d
020
_a
2900321531192
041
_a
eng
080
_2
5TH
_a
330.101.542
100
_a
52
101
_a
MIK
245
_a
MICROECONOMICS
_c
PERLOFF,J.M
942
_2
udc
_c
BK
999
_c
34419
_d
34419